000 00428nam a2200157Ia 4500
008 230714s9999 xx 000 0 und d
041 _aeng
082 _a004.6
_bGOD
100 _aGodbole A.S.
_9108861
245 _aData Communication And Networks
260 _c2008
_bTata Mc-Graw Hill
300 _a503
365 _cRs.
_b315.00
700 _aGodbole A.S.
_9108861
906 _dO:0014308-Jul-2009B:214403-Jul-2009
_cIT
_b315
999 _c197305
_d197305